Statystyki dla Najlepsze Gry na PlayStation 4 - Według Serwisu Metacritic

Kliknij tutaj aby rozwiązać quiz!

Ogólne statystyki

  • Ten quiz został rozwiązany 539 razy
    (287 od ostatniego zresetowania)
  • Średni wynik to 10 z 100

Statystyki odpowiedzi

Średnia na MetacriticProducentGatunekTytuł% Poprawnych
97RockstarSandbox - AkcjaGrand Theft Auto V
94%
97RockstarSandbox - AkcjaRed Dead Redemption 2
64%
92CD Project RedRPGWiedźmin 3: Dziki Gon
63%
93Naughty DogShooter 3rd PersonUncharted 4: A Thief's End
56%
94SCE Santa Monica StudioSlasher, Action-AdventureGod of War
45%
89MojangCrafterMinecraft: PlayStation 4 Edition
42%
85EA SportsSportowaFIFA 17
39%
91CapcomRemake - Survival HorrorResident Evil 2
29%
87EA SportsSportowaFIFA 14
27%
87Insomniac GamesAction AdventureMarvel's Spider-Man
26%
89FromSoftwareRPGDark Souls III
22%
85DICEFPSBattlefield
21%
90Activision-BlizzardHack n' SlashDiablo III: Ultimate Evil Edition
20%
93KonamiSkradankaMetal Gear Solid V: The Phantom Pain
20%
92From SoftwareRPGBloodborne
19%
89GuerillaAction-AdventureHorizon Zero Dawn
18%
90Activision-BlizzardOnline ShooterOverwatch
18%
86CapcomSurvivor HorrorResident Evil 7: biohazard
18%
882K GamesSportowaNBA 2k17
16%
95AtlusjRPGPersona 5 Royal
16%
90UbisoftPlatformerRayman Legends
16%
87BethesdaRPGFallout 4
15%
85UbisoftFPSFar Cry 4
15%
87SquareEnixjRPGFinal Fantasy VII Remake
14%
90FromSoftwareRPGSekiro: Shadows Die Twice
14%
91SquareEnixMMORPGFinal Fantasy XIV: Shadowbringers
13%
92Toby FoxRPGUndertale
13%
88CapcomSlasherDevil May Cry 5
11%
852K GamesSportowaNBA 2K14
11%
872K GamesSportowaNBA 2K16
11%
85PsyonixSportowa, SamochodowaRocket League
11%
87KonamiSportowaPro Evolution Soccer 2016
10%
85KonamiSportowaPro Evolution Soccer 2017
10%
85Insomniac GamesPlatformer - ShooterRatchet and Clank
10%
85iDFPSDoom
9%
89Respawn Entertaiment/Electronic ArtsFPSTitanfall 2
9%
89DICEFPSBattlefield 1
8%
87CapcomBijatykaStreet Fighter V: Arcade Edition
8%
93Naughty DogShooter 3rd Person, Action AdventureLast of Us Part II
7%
90CapcomjRPGMonster Hunter: World
7%
87RocksteadyAction AdventureBatman: Arkham Knight
6%
85CodemastersWyścigiDirt 4
6%
88ArkaneSkradankaDishonored 2
6%
87iDFPSDoom Eternal
6%
8711 bit studiosStrategiaFrostpunk: Console Edition
6%
89BioWareRPGDragon Age: Inquisition
5%
86CodemastersWyścigiF1 2017
5%
85SegaAction Adventure - Beat em upYakuza 0
5%
90JapanStudioPlatformer/VRAstro Bot: Rescue Mission
4%
91Matt Makes Games Inc. (Limited Run)PlatformerCeleste
4%
85Toys for BobPlatformerCrash Bandicoot 4: It's About Time
4%
85CodemastersWyścigiDIRT Rally
4%
88Larian Studios GamesRPGDivinity: Original Sin
4%
92Larian Studios GamesRPGDivinity: Original Sin II
4%
89Media MoleculePlatformer, KreatorDreams
4%
86CodemastersWyścigiF1 2020
4%
85DONTNOD EtertainmentPrzygodówkaLife is Strange
4%
91PlatinumGamesjRPGNier: Automata
4%
88Team NinjaAction RPGNioh
4%
87SegaPlatformerSonic Mania Plus
4%
85Team MeatPlatformerSuper Meat Boy
4%
85SegaAction Adventure - Beat em upYakuza Kiwami 2
4%
85BungieOnline FPSDestiny 2
3%
85Team NinjaRPGNioh 2
3%
89Supergiant Games (Limited Run)Action RPGBastion
2%
87MotionTwinRoguelike, 2D SlasherDead Cells
2%
87Bandai NamcoBijatykaDragon Ball FighterZ
2%
88NetherRealmsBijatykaInjustice 2
2%
91PLAYDEADPlatformerINSIDE
2%
85PolyarcVR - PlatformerMoss
2%
90Yacht Club GamesPlatformerShovel Knight
2%
87AspyrStrategiaSid Meier's Civilization VI
2%
86Sickhead GamesSymulator Farmy - Life SimulatorStardew Valley
2%
86Telltale Games/GearboxPrzygodówkaTales from Borderlands
2%
89Enhance GamesPuzzler/VRTetris Effect
2%
88NicalisAction HorrorThe Binding of Isaac: Rebirth
2%
88CroteamPuzzler, PrzygodówkaThe Talos Principle
2%
89Vicarious VisionsSporty ekstremalneTony Hawk's Pro Skater 1+2
2%
85Brace Yourself GamesRPG, RytmicznaCrypt of the NecroDancer
1%
86Arc System WorksBijatykaGuilty Gear Xrd
1%
85HazelightAction-Adventure, Co-OpIt Takes Two
1%
91Bluepoint Games/SCE Japan StudioAction-AdventureShadow of Colossus
1%
88Mega Crit GamesStrategia, KarciankaSlay the Spire
1%
86Spike ChunsoftVisual NovelSteins;Gate
1%
85Obsidian EntertainmentRPGThe Outer Worlds
1%
87iDFPSWolfenstein II: The New Colossus
1%
87FiraxisStrategiaXCOM 2
1%
87Spike ChunsoftEscape from the Room, Visual NovelZero Escape: The Nonary Games
1%
85VanillawarejRPG13 Sentinels: Aegis Rim
0%
86Square EnixRPG, CrafterDragon Quest Builders 2
0%
91SquareEnixjRPGDragon Quest IX: Echoes of an Elusive Age - Definitive Edition
0%
87FDG EntertaimentPlatformer, Slasher 2DMonster Boy and the Cursed Kingdom
0%
84Level 5jRPGNi No Kuni II: Revenant Kingdom
0%
87AtlusAction RPGOdin Sphere Leifthraisir
0%
88BitworksPlatformerOwlboy
0%
85Paradox InteractiveRPGPillars of Eternity
0%
85Mimimi ProductionsStrategiaShadow Tactics: Blades of the Shogun
0%
85SegajRPGValkyria Chronicles 4
0%
86FuturLabShoot 'em up, Shooter, PlatformerVelocity X2
0%
85FalcomjRPGYs VIII: Lacrimosa of DANA
0%

Rozkład punktacji

Percentyl według liczby udzielonych odpowiedzi

Procent ludzi z każdym wynikiem

Twoja historia wyników

Nie rozwiązałeś tego quizu od ostatniego zresetowania